| 000 | 00501nam a2200181Ia 4500 | ||
|---|---|---|---|
| 005 | 20250423094832.0 | ||
| 008 | 250422s9999 xx 000 0 und d | ||
| 020 | _a9789350143711 | ||
| 050 | _aTS 155.6 .C48/ | ||
| 100 | _aVishal, S. | ||
| 245 | 0 | _aComputer aided manufacturing | |
| 260 | _aNew Delhi | ||
| 260 | _bS.k kataria | ||
| 260 | _c2013 | ||
| 300 | _a253 p | ||
| 650 | _a Computer integrated manufacturing systems. CAD/CAM systems. Flexible manufacturing systems. | ||
| 942 | _cBK | ||
| 999 |
_c28438 _d28438 |
||